000 00263nam a22001097a 4500
008 170125b xxu||||| |||| 00| 0 eng d
020 _a3541717912
041 _aeng
080 _a61
245 _aTHE ART & SCIENCE BESIDE OF DIAGNOSIS
_cSAPIRA, J.D
942 _2udc
_cBK
999 _c3654
_d3654